000 00383 a2200169 4500
001 187732
020 _a
040 _cMagnum
100 _aPbh - Secretaria Municipal de Saúde
240 1 0 _aMostra de arte insensata
_lpor
245 1 0 _aMostra de arte insensata
300 _a94
362 0 _a2008
440 1 _aAutêntica
697 _aOUTROS TIPOS DE PINTURA
942 _cBK
999 _c187732
_d187732